000 00612nam a2200217Ia 4500
003 OSt
005 20220918175111.0
006 a|||||r|||| 00| 0
007 ta
008 220917b |||||||| |||| 00| 0 eng d
024 _a15,684
037 _cTextual
040 _aARTS
_cARTS
_beng
041 _2eng
_aeng
082 _aO:xJ5, G0
100 _aSkeat Walter W.
_952892
245 0 _aSpecimens of English literature from the 'Ploughmans Crede' to the 'Shepheardes Calnder, A.D. 1394 A.D. 1579
260 _c1930
942 _hO:xJ5, G0
_cTEXL
_2CC
999 _c156081
_d156081